Φυσικό και ψηφιακό χρώμα : η ανάγκη για color management και ακρίβεια χρωματικής επικοινωνίας σε υπολογιστικά συστήματα και σταθμούς εργασίας : διπλωματική εργασία
Η διπλωματική εργασία αφορά ζητήματα που προκύπτουν κατά τη μεταφορά του χρώματος από τη "φυσική" του διάσταση (αντανακλώμενο) στον ψηφιακό χώρο (εκμπεμπόμενο) και η συνεχόμενη πορεία και απόδοσή του σε φυσικά αντικείμενα (αντανακλώμενο, έντυπα/προϊόντα). Διερευνώνται ζητήματα επικοινωνίας...
Αποθηκεύτηκε σε:
| Κύριος συγγραφέας: | |
|---|---|
| Συγγραφή απο Οργανισμό/Αρχή: | |
| Άλλοι συγγραφείς: | |
| Μορφή: | Thesis Βιβλίο |
| Γλώσσα: | Greek |
| Δημοσίευση: |
2012
|
| Θέματα: | |
| Διαθέσιμο Online: | http://hdl.handle.net/11610/9048 |
| Ετικέτες: |
Προσθήκη ετικέτας
Δεν υπάρχουν, Καταχωρήστε ετικέτα πρώτοι!
|
MARC
| LEADER | 00000cam a2200000 i 4500 | ||
|---|---|---|---|
| 001 | 1/25870 | ||
| 008 | 130213s2012 gre d | ||
| 035 | |l 10113724 | ||
| 040 | |a GR-MY-UA |b gre |e aacr | ||
| 041 | 0 | |a gre | |
| 082 | 0 | |a 621.367 |2 (22) | |
| 100 | 1 | |a Τσιτσιρίκος, Κώστας. | |
| 245 | 1 | 0 | |a Φυσικό και ψηφιακό χρώμα : |b η ανάγκη για color management και ακρίβεια χρωματικής επικοινωνίας σε υπολογιστικά συστήματα και σταθμούς εργασίας : διπλωματική εργασία / |c Κώστας Τσιτσιρίκος ; επιβλέπουσα: Αγγελική Μπρισνόβαλη |
| 260 | |c 2012 | ||
| 300 | |a 109 φύλλα; |b εικ.; |c 30 εκ. | ||
| 500 | |a Διάθεση πλήρους κειμένου περιορισμένης πρόσβασης (μόνο από μέλη του Παν. Αιγαίου), με κλειδωμένη τη δυνατότητα αντιγραφής του κειμένου | ||
| 502 | |a Πτυχιακή εργασία – Πανεπιστήμιο Αιγαίου, Σύρος, 2012. | ||
| 504 | |a Βιβλιογραφία: σ. 106-108 | ||
| 520 | |a Η διπλωματική εργασία αφορά ζητήματα που προκύπτουν κατά τη μεταφορά του χρώματος από τη "φυσική" του διάσταση (αντανακλώμενο) στον ψηφιακό χώρο (εκμπεμπόμενο) και η συνεχόμενη πορεία και απόδοσή του σε φυσικά αντικείμενα (αντανακλώμενο, έντυπα/προϊόντα). Διερευνώνται ζητήματα επικοινωνίας και απόδοσης του χρώματος, κατά τη διάρκεια του σχεδιασμού καθώς και οι εφαρμογές του χρώματος στα μέσα και τις τεχνολογίες απεικόνισης και αναπαραγωγής | ||
| 650 | 0 | 0 | |a Image processing |x Digital techniques. |
| 650 | 0 | 0 | |a Color. |
| 650 | 0 | 0 | |a Coding theory. |
| 650 | 0 | 0 | |a Colorimetry. |
| 650 | 0 | 0 | |a Dissertations, Academic |z Greece. |
| 700 | 1 | |a Μπρισνόβαλη, Αγγελική. |4 ths | |
| 710 | 2 | |a Πανεπιστήμιο Αιγαίου. |b Τμήμα Μηχανικών Σχεδίασης Προϊόντων και Συστημάτων. | |
| 852 | |a INST |b SYROS |c DIATR |e 20130306 |h 621.367 ΤΣΙ |p 005500010578 |q 005500010578 |t DIE |y 23 | ||
| 852 | |a INST |b SYROS |c DIATR |e 20130306 |h 621.367 ΤΣΙ |p 005500010579 |q 005500010579 |t DIE |y 23 | ||
| 856 | |u http://hdl.handle.net/11610/9048 | ||
| 901 | |a BIBL5-2012-1 | ||
| 909 | |a Ε |b 174066 | ||
| 909 | |a Ε |b 174067 | ||
| 924 | |a ΤΣΙΤΣΙΡΙΚΟΣ |b ΚΩΣΤΑΣ |y ΣΥΡΟΣ |z 2012-11 | ||
| 970 | |a ΚΟΝΤΟΥ |b ΠΑΡΑΣΚΕΥΗ |z 2013/02/13 | ||